La Construcción del Estado Nacional en Nicaragua: el proyecto sandinista, 1933 - 1934 /

Salvato in:
Dettagli Bibliografici
Autore principale: Dospital, Michelle
Natura: testo
Soggetti:
Tags: Aggiungi Tag
Nessun Tag, puoi essere il primo ad aggiungerne!!

MARC

LEADER 00000 a a2200000 04500
001 15560
003
040
100 |a Dospital, Michelle  
245 |a La Construcción del Estado Nacional en Nicaragua:   |b el proyecto sandinista, 1933 - 1934 /  |c Michelle Dospital 
650 |a ESTADO  
650 |a NACION  
650 |a CONFLICTOS POLITICOS  
773 |g número 2 especial; páginas 52-61  
999 |c 23753  |d 23753